000 00987nam a22002297a 4500
005 20180226121734.0
010 _aB-666069 B-663795
020 _a9789350719718
_c450.00
035 _aB-666069
035 _aB-663795
037 _adpl
_bVariety/Ven
082 _a657.48
100 _aRustagi, R.P.
245 _aTaxmann's fundamentals of financial management /
_cby R.P. Rustagi
250 _a11th ed
260 _aNew Delhi
_bTaxmann Publications
_c2016
270 _a59/32,New Rohtak Road,
_bNewDelhi
_e110005
_k+91-11-45562222
_l-
_m-
300 _aI-24,382p.
_c26cm(pbk)
942 _2ddc
_cEN
_mRUS
_h657.48
999 _c140656
_d140656